All 25 Team From Madden 25 - Statistics

General Stats
  • This quiz has been taken 39 times
  • The average score is 3 of 26
Answer Stats
Hint Answer % Correct
LG Larry Allen
52%
HC John Madden
45%
WR Randy Moss
42%
CB Deion Sanders
39%
QB Michael Vick
16%
FB Mike Alstott
13%
TE Antonio Gates
10%
RB Marshall Faulk
10%
RG Steve Hutchinson
10%
LB Derrick Thomas
6%
KR/PR Devin Hester
6%
LB Ray Lewis
6%
WR Brian Finneran
3%
CB Champ Bailey
3%
C Dermontti Dawson
3%
DE Dwight Freeney
3%
LT Orlando Pace
3%
DT Warren Sapp
3%
K Adam Vinateri
0%
DT Albert Haynesworth
0%
S Brian Dawkins
0%
LB Derrick Brooks
0%
RT Johnathan Ogden
0%
DE Julius Peppers
0%
S Sean Taylor
0%
P Shane Lechler
0%
No matching quizzes found
Score Distribution
Percent of People with Each Score
Percentile by Number Answered
Your Score History
You have not taken this quiz